Państwa mówiące w języku francuskim - Statystyki

Ogólne statystyki
  • Ten quiz został rozwiązany 69 razy
  • Średni wynik to 10 z 17
Statystyki odpowiedzi
Hint Odpowiedź % Poprawnych
Europa Francja
97%
Europa Belgia
86%
Europa Szwajcaria
84%
Ameryka Północna Kanada
81%
Europa Monako
71%
Afryka Algieria
67%
Ameryka Południowa Gujana Francuska
67%
Afryka Maroko
60%
Ameryka Północna Stany Zjednoczone
55%
Afryka Tunezja
55%
Afryka Kamerun
50%
Afryka Demokratyczna Republika Konga
48%
Ameryka Północna Haiti
48%
Europa Włochy
38%
Afryka Wybrzeże Kości Słoniowej
33%
Afryka Madagaskar
31%
Afryka Mauritius
16%
Nie znaleziono quizów pasujących do podanych kryteriów
Rozkład punktacji
Procent ludzi z każdym wynikiem
Percentyl według liczby udzielonych odpowiedzi
Twoja historia wyników
Nie rozwiązałeś tego quizu